000 00705nam a22002057a 4500
005 20251108170749.0
008 250721s2000 xx 000 0 ara d
082 1 4 _a956/نعي
100 1 _aالنعيمات، سلامة
245 1 0 _aتاريخ الحضارة الإسلامية /
264 1 _aعمان :
_bموسسة حماد للدراسات الجامعية و النشر والتوزيع،
_c2000.
300 _a382ص
650 1 7 _aالتاريخ الإسلامي
650 1 7 _aتاريخ العرب
650 1 7 _aالحضارة الإسلامية
700 1 _aكابتى، غيداء خزنة
700 1 _aالسوارية، نوفان حمود
942 _2ddc
_cBK
999 _c48429
_d48429